| 000 | 00628nam a2200181 a 4500 | ||
|---|---|---|---|
| 001 | 000016937 | ||
| 005 | 20200929165003.0 | ||
| 008 | 100312s1975 dr a 000 0 spa d | ||
| 040 |
_aDO-SdBNP _bspa _cBNPHU |
||
| 082 |
_a370.97293 _bH557s |
||
| 100 | 1 |
_aHernández, Frank Marino _937429 |
|
| 245 | 1 | 3 |
_aEl sistema educativo dominicano : _borganización, comportamiento, resultados / _cFrank Marino Hernández. |
| 260 |
_aSanto Domingo : _bTaller, _c1975. |
||
| 300 |
_a209 p. : _bil. ; _c22 cm. |
||
| 590 | _aInventariado, 2018/VM | ||
| 650 | 4 |
_aEducación _zRepública Dominicana _9737 |
|
| 910 | _aValidado. Control de calidad MFF | ||
| 999 |
_c16469 _d16469 |
||